Nominations Oscar miglior film '80s - Statistics

Statistiche generali
  • Questo quiz è stato fatto 101 volte
  • Il punteggio medio è 10 su 50
Statistiche sulle risposte
Hint Director / Actor Risposta % Corretto
1982 Drew Barrymore E.T. l'extra-terrestre
73%
1982 Ben Kingsley Gandhi
50%
1987 Bernardo Bertolucci L'ultimo imperatore
46%
1986 Oliver Stone Platoon
42%
1987 Cher Stregata dalla luna
40%
1989 Robin Williams L'attimo fuggente
35%
1984 Milos Forman Amadeus
33%
1985 Whoopi Goldberg Il colore viola
31%
1988 Dustin Hoffman Rain Man - L'uomo della pioggia
31%
1981 Steven Spielberg I predatori dell'arca perduta
27%
1986 Jeremy Irons Mission
27%
1982 Jessica Lange Tootsie
27%
1980 Robert de Niro Toro scatenato
27%
1983 Shirley MacLaine Voglia di tenerezza
27%
1989 Jessica Tandy A spasso con Daisy
25%
1987 Michael Douglas Attrazione fatale
25%
1986 Marlee Matlin Figli di un Dio minore
25%
1980 David Lynch The Elephant Man
25%
1989 Daniel Day-Lewis Il mio piede sinistro
23%
1985 Sydney Pollack La mia Africa
23%
1980 Robert Redford Gente comune
21%
1981 Henry Fonda Sul lago dorato
21%
1989 Tom Cruise Nato il quattro luglio
17%
1988 Melanie Griffith Una donna in carriera
17%
1986 James Ivory Camera con vista
15%
1986 Woody Allen Hannah e le sue sorelle
15%
1981 Warren Beatty Reds
15%
1985 William Hurt Il bacio della donna ragno
13%
1985 Harrison Ford Witness - Il testimone
13%
1980 Sissy Spacek La ragazza di Nashville
10%
1985 Jack Nicholson L'onore dei Prizzi
10%
1988 Gene Hackman Mississippi Burning - Le radici dell'odio
10%
1981 Hugh Hudson Momenti di gloria
10%
1984 David Lean Passaggio in India
10%
1983 Robert Duvall Tender Mercies - Un tenero ringraziamento
10%
1987 James L. Brooks Dentro la notizia
8%
1988 Glenn Close Le relazioni pericolose
8%
1984 Sally Field Le stagioni del cuore
8%
1982 Jack Lemmon Missing - Scomparso
8%
1980 Roman Polanski Tess
8%
1983 Albert Finney Il servo di scena
6%
1982 Sidney Lumet Il verdetto
6%
1989 Kevin Costner L'uomo dei sogni
6%
1988 Geena Davis Turista per caso
6%
1984 Roland Joffé Urla del silenzio
6%
1983 Jeff Goldblum Il grande freddo
4%
1987 John Boorman Anni '40
2%
1981 Susan Sarandon Atlantic City
2%
1984 Norman Jewison Storia di un soldato
2%
1983 Philip Kaufman Uomini veri
0%
Nessun quiz corrispondente trovato
Distribuzione punteggi
Percentuale di utenti per punteggio
Percentile per numero di risposta
I tuoi punteggi nel tempo
Non hai fatto questo quiz